[Event "Titled Tuesday intern op 07th May Early"]
[Site "Chess.com INT"]
[Date "2024.05.07"]
[Round "9"]
[White "Alice, Mateus Felizardo Vi"]
[Black "Dilmukhametov, Artur"]
[Result "1-0"]
[WhiteElo "2202"]
[BlackElo "2276"]
[PlyCount "64"]
[EventDate "2024.05.07"]
[EventType "swiss (blitz)"]
[EventRounds "11"]
[EventCountry "USA"]
[SourceTitle "EXT 2025"]
[Source "ChessBase"]
[SourceDate "2024.10.14"]
[SourceVersion "1"]
[SourceVersionDate "2024.10.14"]
[SourceQuality "1"]

1. e4 e5 2. Nf3 d6 3. d4 exd4 4. Qxd4 Nf6 5. Nc3 Be7 6. Bg5 0-0 7. 0-0-0 h6 8. Be3 Nc6 9. Qd2 Be6 10. Kb1 Ng4 11. Bf4 Nge5 12. Be2 a6 13. h3 b5 14. a3 Rb8 15. Nd5 Nxf3 16. gxf3 Ne5 17. Rdg1 Ng6 18. Be3 Bxd5 19. exd5 Bh4 20. f4 Qf6 21. Bd3 Kh8 22. Rg4 b4 23. axb4 a5 24. b5 Qe7 25. Rhg1 Bf6 26. h4 Bxh4 27. Rh1 Kh7 28. f5 Ne5 29. f6+ Nxd3 30. Qxd3+ g6 31. fxe7 Rfe8 32. Rhxh4 Rxe7 1-0

[Event "Titled Tuesday intern op 07th Nov Late"]
[Site "Chess.com INT"]
[Date "2023.11.07"]
[Round "5"]
[White "Alice, Mateus Felizardo Vi"]
[Black "Lutz, Igor Oscar"]
[Result "1-0"]
[WhiteElo "2202"]
[BlackElo "1947"]
[PlyCount "75"]
[EventDate "2023.11.07"]
[EventType "swiss (blitz)"]
[EventRounds "11"]
[EventCountry "USA"]
[SourceTitle "EXT 2025"]
[Source "ChessBase"]
[SourceDate "2024.10.14"]
[SourceVersion "1"]
[SourceVersionDate "2024.10.14"]
[SourceQuality "1"]

1. e4 c5 2. Nf3 Nc6 3. d4 cxd4 4. Nxd4 Nf6 5. Nc3 d6 6. Bg5 e6 7. Qd2 Be7 8. 0-0-0 Nxd4 9. Qxd4 0-0 10. f4 Qa5 11. Kb1 Rd8 12. Bc4 a6 13. Bb3 b5 14. a3 Bb7 15. Rhe1 h6 16. Bh4 Rac8 17. g4 e5 18. Qg1 Rxc3 19. Bxf6 Bxf6 20. g5 hxg5 21. fxg5 Be7 22. bxc3 Qxc3 23. g6 d5 24. Rd3 Qa5 25. gxf7+ Kf8 26. Rg3 Bf6 27. Rf1 Kxf7 28. Rxg7+ Ke6 29. Rg6 Rf8 30. Qg4+ Ke7 31. exd5 Qxa3 32. Qe6+ Kd8 33. Rgxf6 Rxf6 34. Rxf6 Qe7 35. Qxe7+ Kxe7 36. Re6+ Kd7 37. Rxe5 Kd6 38. Re6+ 1-0

[Event "Titled Tuesday intern op 12th Sep Early"]
[Site "Chess.com INT"]
[Date "2023.09.12"]
[Round "4"]
[White "Alice, Mateus Felizardo Vi"]
[Black "Vifleemskaia, Svetlana"]
[Result "1-0"]
[WhiteElo "2202"]
[BlackElo "1903"]
[PlyCount "31"]
[EventDate "2023.09.12"]
[EventType "swiss (blitz)"]
[EventRounds "11"]
[EventCountry "USA"]
[SourceTitle "EXT 2024"]
[Source "ChessBase"]
[SourceDate "2023.10.10"]
[SourceVersion "1"]
[SourceVersionDate "2023.10.10"]
[SourceQuality "1"]

1. e4 e5 2. Nf3 Nc6 3. Bb5 a6 4. Ba4 Nf6 5. Bxc6 dxc6 6. d3 Bd6 7. Nbd2 Nd7 8. Nc4 0-0 9. Bd2 b5 10. Ne3 g6 11. Qe2 Qe7 12. h4 h5 13. g4 Nf6 14. Nf5 hxg4 15. Nxe7+ Bxe7 16. Nxe5 1-0

[Event "Titled Tuesday intern op 12th Sep Early"]
[Site "Chess.com INT"]
[Date "2023.09.12"]
[Round "8"]
[White "Melikhov, Evgeny V"]
[Black "Alice, Mateus Felizardo Vi"]
[Result "1-0"]
[WhiteElo "2208"]
[BlackElo "2202"]
[PlyCount "155"]
[EventDate "2023.09.12"]
[EventType "swiss (blitz)"]
[EventRounds "11"]
[EventCountry "USA"]
[SourceTitle "EXT 2024"]
[Source "ChessBase"]
[SourceDate "2023.10.10"]
[SourceVersion "1"]
[SourceVersionDate "2023.10.10"]
[SourceQuality "1"]

1. d4 Nf6 2. c4 e6 3. Nc3 Bb4 4. Qc2 c5 5. dxc5 Nc6 6. a3 Bxc5 7. Nf3 a5 8. b3 0-0 9. e3 d5 10. cxd5 Nxd5 11. Nxd5 Qxd5 12. Bc4 Qh5 13. 0-0 Bd6 14. Bb2 b5 15. Qe4 Bb7 16. Bd3 Ne5 17. Qxh7+ Qxh7 18. Bxh7+ Kxh7 19. Nxe5 Rac8 20. Rac1 f6 21. Nf3 Bd5 22. Nd4 Be5 23. b4 Bc4 24. Rfd1 axb4 25. axb4 Ra8 26. Ra1 Rxa1 27. Rxa1 Rc8 28. f4 Bd6 29. Bc3 Bd3 30. Ra3 Bc4 31. Kf2 Kg6 32. h4 e5 33. f5+ Kh5 34. Nf3 Bd5 35. Bd2 Rc2 36. Rd3 Bxf3 37. Kxf3 Bf8 38. Rd8 Kxh4 39. Be1+ Kg5 40. Rxf8 Kxf5 41. Rb8 e4+ 42. Kg3 Rc1 43. Bf2 Kg6 44. Rxb5 Rc4 45. Rb8 f5 46. b5 Rc5 47. b6 Rb5 48. Be1 Kh5 49. Bc3 g5 50. Bd4 Rb3 51. Rh8+ Kg6 52. Rc8 f4+ 53. Kf2 Kf5 54. Rc5+ Kg4 55. Re5 fxe3+ 56. Bxe3 Rb2+ 57. Kf1 Rb1+ 58. Ke2 Rb2+ 59. Bd2 Kg3 60. Rxg5+ Kh2 61. Rg6 Kg1 62. Ke3 Kf1 63. Bc3 Rb3 64. Kd4 e3 65. Re6 Kxg2 66. Rxe3 Rxb6 67. Ke4 Re6+ 68. Be5 Kf2 69. Rf3+ Ke2 70. Rh3 Kf2 71. Rh2+ Kg1 72. Ra2 Re8 73. Rb2 Re7 74. Kf4 Rf7+ 75. Ke3 Kf1 76. Bf4 Re7+ 77. Kf3 Re1 78. Be3 1-0

[Event "Titled Tuesday intern op 11th Apr Early"]
[Site "Chess.com INT"]
[Date "2023.04.11"]
[Round "4"]
[White "Alice, Mateus Felizardo Vi"]
[Black "Dahlgren, James Allen"]
[Result "1-0"]
[WhiteElo "2202"]
[BlackElo "1824"]
[PlyCount "79"]
[EventDate "2023.04.11"]
[EventType "swiss (blitz)"]
[EventRounds "11"]
[EventCountry "USA"]
[SourceTitle "CBM 213 Extra"]
[Source "ChessBase"]
[SourceDate "2023.05.31"]
[SourceVersion "1"]
[SourceVersionDate "2023.05.31"]
[SourceQuality "1"]

1. e4 e6 2. Qe2 c5 3. f4 Nc6 4. Nf3 Be7 5. c3 d5 6. d3 Nf6 7. e5 Nd7 8. d4 b5 9. Be3 b4 10. Qf2 cxd4 11. cxd4 a5 12. Bb5 Qb6 13. Bd3 Ba6 14. Qe2 Bxd3 15. Qxd3 f5 16. 0-0 0-0 17. Nbd2 Rac8 18. Rac1 Rc7 19. Kh1 a4 20. h3 Rfc8 21. Rcd1 Na5 22. Rg1 Rc2 23. g4 fxg4 24. Rxg4 Rxb2 25. Rdg1 Bf8 26. f5 Rc3 27. Qe2 Nc4 28. Bh6 Rxf3 29. Rxg7+ Bxg7 30. Rxg7+ Kh8 31. Rg8+ Kxg8 32. Qg2+ Kf7 33. Qg7+ Ke8 34. Qg8+ Nf8 35. Qxf8+ Kd7 36. Qf7+ Kc8 37. Nxf3 Rxa2 38. fxe6 Ra1+ 39. Kh2 Nxe5 40. Nxe5 1-0

[Event "Titled Tuesday intern op 11th Apr Early"]
[Site "Chess.com INT"]
[Date "2023.04.11"]
[Round "8"]
[White "Alice, Mateus Felizardo Vi"]
[Black "Vila Dupla, Aurelio"]
[Result "0-1"]
[WhiteElo "2202"]
[BlackElo "2030"]
[PlyCount "94"]
[EventDate "2023.04.11"]
[EventType "swiss (blitz)"]
[EventRounds "11"]
[EventCountry "USA"]
[SourceTitle "CBM 213 Extra"]
[Source "ChessBase"]
[SourceDate "2023.05.31"]
[SourceVersion "1"]
[SourceVersionDate "2023.05.31"]
[SourceQuality "1"]

1. e4 c5 2. Nf3 d6 3. d4 cxd4 4. Nxd4 Nf6 5. Nc3 g6 6. Be2 Bg7 7. g4 0-0 8. g5 Nfd7 9. Be3 Nc6 10. Qd2 Nxd4 11. Bxd4 Bxd4 12. Qxd4 Qb6 13. 0-0-0 Qxd4 14. Rxd4 Nb6 15. f4 Bd7 16. h4 Bc6 17. h5 e5 18. fxe5 dxe5 19. Rd6 Rad8 20. Rxd8 Rxd8 21. hxg6 hxg6 22. b3 Kg7 23. a4 a5 24. Bb5 Bxb5 25. Nxb5 f5 26. gxf6+ Kxf6 27. Rh7 Rd7 28. Rh8 Rg7 29. Rf8+ Ke7 30. Rf3 g5 31. Rg3 g4 32. Kd2 Kf6 33. Ke3 Kg5 34. Nd6 Rh7 35. Nf5 Nd7 36. Kd3 Nc5+ 37. Ke3 Ne6 38. c3 Rh3 39. b4 axb4 40. cxb4 Nd4 41. Rxh3 Nxf5+ 42. exf5 gxh3 43. Kf3 e4+ 44. Kg3 e3 45. a5 e2 46. Kf2 h2 47. Kxe2 h1Q 0-1

[Event "Titled Tuesday intern op 11th Apr Early"]
[Site "Chess.com INT"]
[Date "2023.04.11"]
[Round "6"]
[White "Alice, Mateus Felizardo Vi"]
[Black "Warchol, Kamil"]
[Result "0-1"]
[WhiteElo "2202"]
[BlackElo "2173"]
[PlyCount "42"]
[EventDate "2023.04.11"]
[EventType "swiss (blitz)"]
[EventRounds "11"]
[EventCountry "USA"]
[SourceTitle "CBM 213 Extra"]
[Source "ChessBase"]
[SourceDate "2023.05.31"]
[SourceVersion "1"]
[SourceVersionDate "2023.05.31"]
[SourceQuality "1"]

1. e4 c5 2. Nf3 e6 3. d4 cxd4 4. Nxd4 Nc6 5. Nb5 d6 6. Bf4 e5 7. Be3 Nf6 8. N1c3 a6 9. Na3 b5 10. Nd5 Nxd5 11. exd5 Ne7 12. c4 Bb7 13. Be2 bxc4 14. Bxc4 g6 15. 0-0 Bg7 16. Bg5 h6 17. Bh4 0-0 18. Kh1 Qd7 19. Qb3 Rab8 20. Qd3 Rfe8 21. Bxa6 Bxa6 0-1

[Event "Titled Tuesday intern op 11th Apr Early"]
[Site "Chess.com INT"]
[Date "2023.04.11"]
[Round "9"]
[White "Lenoir Ibacache, Gabriel Alberto"]
[Black "Alice, Mateus Felizardo Vi"]
[Result "0-1"]
[WhiteElo "2225"]
[BlackElo "2202"]
[PlyCount "70"]
[EventDate "2023.04.11"]
[EventType "swiss (blitz)"]
[EventRounds "11"]
[EventCountry "USA"]
[SourceTitle "CBM 213 Extra"]
[Source "ChessBase"]
[SourceDate "2023.05.31"]
[SourceVersion "1"]
[SourceVersionDate "2023.05.31"]
[SourceQuality "1"]

1. e4 c5 2. g3 d6 3. Bg2 Nc6 4. Ne2 Nf6 5. c3 e6 6. d4 cxd4 7. cxd4 Be7 8. Nbc3 0-0 9. 0-0 a6 10. h3 Na5 11. b3 Rb8 12. Be3 b5 13. Qd2 Bb7 14. d5 e5 15. f4 Nd7 16. Rac1 Bf6 17. Nd1 Re8 18. Nf2 Ba8 19. Rc2 exf4 20. gxf4 Bh4 21. Nd4 Nf6 22. Qd3 Qd7 23. Nc6 Nxc6 24. dxc6 Bxc6 25. Rxc6 Qxc6 26. e5 d5 27. exf6 Bxf2+ 28. Bxf2 Qxf6 29. Bxd5 Rbd8 30. Qf3 Qf5 31. Bc6 Re6 32. Bb7 Rd3 33. Qg4 Rg6 34. Bf3 Rxf3 35. Rd1 Rxg4+ 0-1

[Event "Titled Tuesday intern op 28th Feb Early"]
[Site "Chess.com INT"]
[Date "2023.02.28"]
[Round "2"]
[White "Alice, Mateus Felizardo Vi"]
[Black "Spata, German"]
[Result "0-1"]
[WhiteElo "2202"]
[BlackElo "2364"]
[PlyCount "32"]
[EventDate "2023.02.28"]
[EventType "swiss (blitz)"]
[EventRounds "11"]
[EventCountry "USA"]
[SourceTitle "CBM 213 Extra"]
[Source "ChessBase"]
[SourceDate "2023.05.31"]
[SourceVersion "1"]
[SourceVersionDate "2023.05.31"]
[SourceQuality "1"]

1. e4 e6 2. d4 d5 3. Nd2 dxe4 4. Nxe4 Bd7 5. Nf3 Bc6 6. Bd3 Nd7 7. 0-0 Ngf6 8. Re1 Nxe4 9. Bxe4 Bxe4 10. Rxe4 Be7 11. Rg4 0-0 12. Bh6 Bf6 13. Qd3 Kh8 14. Ng5 Bxg5 15. Bxg5 f6 16. Rh4 g6 0-1

[Event "Titled Tuesday intern op 28th Feb Early"]
[Site "Chess.com INT"]
[Date "2023.02.28"]
[Round "3"]
[White "Martin Carmona, Gaston Manuel"]
[Black "Alice, Mateus Felizardo Vi"]
[Result "1-0"]
[WhiteElo "2345"]
[BlackElo "2202"]
[PlyCount "25"]
[EventDate "2023.02.28"]
[EventType "swiss (blitz)"]
[EventRounds "11"]
[EventCountry "USA"]
[SourceTitle "CBM 213 Extra"]
[Source "ChessBase"]
[SourceDate "2023.05.31"]
[SourceVersion "1"]
[SourceVersionDate "2023.05.31"]
[SourceQuality "1"]

1. Nf3 Nf6 2. c4 e6 3. g3 d5 4. d4 Be7 5. Bg2 0-0 6. 0-0 b6 7. cxd5 exd5 8. Nc3 h6 9. Bf4 Re8 10. Rc1 Ba6 11. Qa4 c6 12. Bxb8 b5 13. Qxa6 1-0

[Event "Titled Tuesday intern op 14th Feb Early"]
[Site "Chess.com INT"]
[Date "2023.02.14"]
[Round "7"]
[White "Alice, Mateus Felizardo Vi"]
[Black "Zampronha, Wladimir Camilo"]
[Result "0-1"]
[WhiteElo "2202"]
[BlackElo "2163"]
[PlyCount "72"]
[EventDate "2023.02.14"]
[EventType "swiss (blitz)"]
[EventRounds "11"]
[EventCountry "USA"]
[SourceTitle "CBM 212 Extra"]
[Source "ChessBase"]
[SourceDate "2023.03.31"]
[SourceVersion "1"]
[SourceVersionDate "2023.03.31"]
[SourceQuality "1"]

1. e4 c5 2. Nf3 e6 3. d4 cxd4 4. Nxd4 Nc6 5. Nxc6 bxc6 6. Bd3 e5 7. 0-0 Nf6 8. f4 Bc5+ 9. Kh1 d6 10. f5 Nd7 11. Nd2 Rb8 12. Nb3 Bb6 13. Qg4 Nf6 14. Qxg7 Rg8 15. Qh6 Ng4 16. Qxh7 Nf6 17. Qh4 Rg4 18. Qh8+ Rg8 19. Qh4 Rg4 20. Qh3 Ke7 21. a4 a5 22. Bd2 Qg8 23. Nxa5 Bxa5 24. Bxa5 Nxe4 25. Bxe4 Rxe4 26. Bc7 Ra8 27. Rad1 d5 28. b3 Ba6 29. c4 d4 30. f6+ Ke8 31. Qf5 Re2 32. Rg1 c5 33. Rde1 Qxg2+ 34. Rxg2 Rxe1+ 35. Rg1 Bb7+ 36. Qf3 Bxf3# 0-1

[Event "Titled Tuesday intern op 07th Feb Early"]
[Site "Chess.com INT"]
[Date "2023.02.07"]
[Round "1"]
[White "Skvortsov, Andrei"]
[Black "Alice, Mateus Felizardo Vi"]
[Result "1-0"]
[WhiteElo "2252"]
[BlackElo "2202"]
[PlyCount "105"]
[EventDate "2023.02.07"]
[EventType "swiss (blitz)"]
[EventRounds "11"]
[EventCountry "USA"]
[SourceTitle "EXT 2024"]
[Source "ChessBase"]
[SourceDate "2023.10.10"]
[SourceVersion "1"]
[SourceVersionDate "2023.10.10"]
[SourceQuality "1"]

1. d4 Nf6 2. Nf3 e6 3. g3 b6 4. Bg2 Bb7 5. 0-0 Be7 6. c4 0-0 7. Nc3 d5 8. Ne5 h6 9. cxd5 exd5 10. Rb1 a6 11. b3 Bd6 12. Nd3 Re8 13. Bf4 Ne4 14. Nxe4 dxe4 15. Bxd6 Qxd6 16. Ne5 Nd7 17. Nc4 Qe7 18. e3 Rad8 19. Rc1 Nf6 20. Qe2 Qb4 21. Rfd1 Qe7 22. Ne5 c5 23. Nc4 cxd4 24. Rxd4 b5 25. Na5 Rc8 26. Rcd1 Qc7 27. Nxb7 Qxb7 28. g4 Qb6 29. h3 Qc5 30. Qb2 Qc2 31. R4d2 Qc7 32. Bf1 Qc5 33. Qd4 Qg5 34. Bg2 h5 35. gxh5 Qxh5 36. Qd6 Rcd8 37. Qxa6 Rxd2 38. Rxd2 Qg6 39. Qxb5 Re7 40. Rd4 Re6 41. Qb8+ Kh7 42. Qg3 Qh6 43. Qf4 Qg6 44. h4 Nh5 45. Qg5 Qxg5 46. hxg5 f5 47. gxf6 Nxf6 48. b4 Kg6 49. a4 Kf5 50. b5 Re8 51. a5 Ke5 52. b6 Ra8 53. b7 1-0

[Event "Titled Tuesday intern op 27th Dec Early"]
[Site "Chess.com INT"]
[Date "2022.12.27"]
[Round "1"]
[White "Alice, Mateus Felizardo Vi"]
[Black "Toropov, Pavel"]
[Result "0-1"]
[WhiteElo "2202"]
[BlackElo "2336"]
[PlyCount "108"]
[EventDate "2022.12.27"]
[EventType "swiss (blitz)"]
[EventRounds "11"]
[EventCountry "USA"]
[SourceTitle "EXT 2024"]
[Source "ChessBase"]
[SourceDate "2023.10.10"]
[SourceVersion "1"]
[SourceVersionDate "2023.10.10"]
[SourceQuality "1"]

1. e4 e6 2. d3 d5 3. Nd2 c5 4. g3 Nf6 5. Bg2 Nc6 6. Ngf3 b5 7. a4 b4 8. 0-0 Be7 9. e5 Nd7 10. Re1 Qc7 11. Qe2 a5 12. Nf1 Bb7 13. h4 0-0 14. N1h2 Rfc8 15. h5 h6 16. Ng4 Qd8 17. Bf4 Ra6 18. Qd2 Bf8 19. b3 Rb6 20. Rad1 Nd4 21. Nxd4 cxd4 22. Qc1 Rbc6 23. Re2 Qc7 24. Rdd2 Ba6 25. Qb2 Rc3 26. Nh2 Nc5 27. Nf3 Bxd3 28. cxd3 Rxb3 29. Qa2 Ra3 30. Qb1 Nxa4 31. Re1 Nc3 32. Qb2 Ra2 33. Qc1 Ne2+ 34. Rdxe2 Qxc1 35. Bxc1 Rxe2 36. Rxe2 Rxc1+ 37. Kh2 b3 38. Nxd4 a4 39. Rb2 Ba3 40. Re2 Bc5 41. Nxb3 axb3 42. Rb2 Rc3 43. Bf1 Ba3 44. Rb1 b2 45. d4 Rb3 46. Kg2 Rb4 47. Bd3 Rxd4 48. Bc2 Rd2 49. Bb3 Kf8 50. Kf1 Bc5 51. f3 Rf2+ 52. Ke1 Rxf3 53. Ba2 Rxg3 54. Rxb2 Rg1+ 0-1

[Event "Titled Tuesday intern op 13th Dec Early"]
[Site "Chess.com INT"]
[Date "2022.12.13"]
[Round "4"]
[White "Alice, Mateus Felizardo Vi"]
[Black "Lopez Idarraga, Daniel Eduardo"]
[Result "1-0"]
[WhiteElo "2202"]
[BlackElo "2023"]
[PlyCount "63"]
[EventDate "2022.12.13"]
[EventType "swiss (blitz)"]
[EventRounds "11"]
[EventCountry "USA"]
[SourceTitle "EXT 2024"]
[Source "ChessBase"]
[SourceDate "2023.10.10"]
[SourceVersion "1"]
[SourceVersionDate "2023.10.10"]
[SourceQuality "1"]

1. e4 c5 2. Nf3 Nc6 3. Bb5 e6 4. 0-0 Nge7 5. c3 a6 6. Ba4 b5 7. Bc2 d6 8. a4 Bb7 9. d4 Ng6 10. Re1 Be7 11. Nbd2 0-0 12. Nf1 b4 13. Ng3 a5 14. Be3 Rc8 15. Qd2 Qb6 16. Bd3 Rfd8 17. d5 exd5 18. exd5 Nce5 19. Nxe5 Nxe5 20. Be2 Bf6 21. Ne4 Be7 22. f4 Nd7 23. c4 Nf6 24. Bd3 Nxe4 25. Bxe4 Bf6 26. g4 Re8 27. Bf5 Rcd8 28. g5 Rxe3 29. gxf6 Ree8 30. Bxh7+ Kxh7 31. Qd3+ Kg8 32. Qg3 1-0

[Event "Titled Tuesday intern op 13th Dec Early"]
[Site "Chess.com INT"]
[Date "2022.12.13"]
[Round "3"]
[White "Williams, Simon Kim"]
[Black "Alice, Mateus Felizardo Vi"]
[Result "1-0"]
[WhiteElo "2467"]
[BlackElo "2202"]
[PlyCount "55"]
[EventDate "2022.12.13"]
[EventType "swiss (blitz)"]
[EventRounds "11"]
[EventCountry "USA"]
[SourceTitle "EXT 2024"]
[Source "ChessBase"]
[SourceDate "2023.10.10"]
[SourceVersion "1"]
[SourceVersionDate "2023.10.10"]
[SourceQuality "1"]

1. d4 Nf6 2. Bg5 d5 3. Bxf6 exf6 4. e3 g6 5. h4 h5 6. c4 dxc4 7. Bxc4 Bd6 8. Nc3 Qe7 9. Nge2 c6 10. 0-0 Nd7 11. e4 Nb6 12. Bb3 0-0 13. Qd3 c5 14. e5 c4 15. exd6 Qe6 16. d5 cxd3 17. dxe6 dxe2 18. exf7+ Kg7 19. Rfe1 a5 20. a4 Bf5 21. Rxe2 Rad8 22. Rd1 Nc8 23. Nb5 Bd7 24. Nc7 Bg4 25. f3 Bf5 26. Rd5 Nxd6 27. Rxd6 Rxd6 28. Ne8+ 1-0

[Event "Titled Tuesday intern op 12th Jul Early"]
[Site "Chess.com INT"]
[Date "2022.07.12"]
[Round "4"]
[White "Alice, Mateus Felizardo Vi"]
[Black "Ziatdinov, Raset"]
[Result "0-1"]
[WhiteElo "2202"]
[BlackElo "2099"]
[PlyCount "88"]
[EventDate "2022.07.12"]
[EventType "swiss (blitz)"]
[EventRounds "11"]
[EventCountry "USA"]
[SourceTitle "EXT 2023"]
[Source "ChessBase"]
[SourceDate "2022.10.05"]
[SourceVersion "1"]
[SourceVersionDate "2022.10.05"]
[SourceQuality "1"]

1. e4 e6 2. Qe2 c5 3. f4 Nc6 4. Nf3 g6 5. c3 Bg7 6. g3 Nge7 7. Bg2 0-0 8. d3 d5 9. Be3 d4 10. cxd4 cxd4 11. Bf2 Qb6 12. 0-0 Bd7 13. Na3 Rfd8 14. Nc4 Qc5 15. Rac1 Be8 16. a3 Rac8 17. b4 Qb5 18. e5 Nd5 19. Nd6 Rxd6 20. exd6 Nc3 21. Qd2 Rd8 22. Ne5 Nxe5 23. fxe5 Bxe5 24. Kh1 Rxd6 25. Bg1 Bc6 26. Bxc6 Qxc6+ 27. Qg2 Qa6 28. Rfe1 f6 29. h4 Rd7 30. h5 Kg7 31. Rxe5 fxe5 32. Rf1 Qxd3 33. Rf3 Qe4 34. h6+ Kxh6 35. Kh2 Qe2 36. Bf2 Kg7 37. g4 Ne4 38. g5 Nxf2 39. Rxf2 Qh5+ 40. Kg1 d3 41. Qg3 Rd5 42. Qe3 Qg4+ 43. Rg2 Qd4 44. Kf2 d2 0-1

[Event "Titled Tuesday intern op 20th July"]
[Site "Chess.com INT"]
[Date "2021.07.20"]
[Round "1"]
[White "Leiva Rodriguez, Jeammarco Giuseppe"]
[Black "Alice, Mateus Felizardo Vi"]
[Result "1-0"]
[WhiteElo "2391"]
[BlackElo "2202"]
[PlyCount "79"]
[EventDate "2021.07.20"]
[EventType "swiss (blitz)"]
[EventRounds "11"]
[EventCountry "USA"]
[SourceTitle "CBM 203 Extra"]
[Source "ChessBase"]
[SourceDate "2021.09.30"]
[SourceVersion "1"]
[SourceVersionDate "2021.09.30"]
[SourceQuality "1"]

1. e4 c5 2. Nf3 d6 3. Bb5+ Nd7 4. a4 a6 5. Be2 Ngf6 6. Nc3 g6 7. d4 cxd4 8. Nxd4 Bg7 9. Be3 0-0 10. Qd2 Qc7 11. Bh6 Ne5 12. h4 Nc4 13. Bxc4 Qxc4 14. Bxg7 Kxg7 15. h5 Rh8 16. h6+ Kf8 17. 0-0-0 b5 18. Qd3 Qxd3 19. Rxd3 b4 20. Nd5 Nxd5 21. exd5 Bd7 22. a5 Rc8 23. Rh4 Rc5 24. Nb3 Rb5 25. Rdd4 g5 26. Rhe4 f5 27. Re3 Kf7 28. Rc4 Rb7 29. Nd4 Rc8 30. Rxc8 Bxc8 31. Nc6 Kf6 32. g3 e5 33. dxe6 Bxe6 34. Rxe6+ Kxe6 35. Nd8+ Ke5 36. Nxb7 f4 37. gxf4+ Kxf4 38. Nxd6 Kf3 39. Kd2 g4 40. Ke1 1-0

[Event "Titled Tuesday intern op 04th May"]
[Site "Chess.com INT"]
[Date "2021.05.04"]
[Round "6"]
[White "Korkmaz, Necmettin"]
[Black "Alice, Mateus Felizardo Vi"]
[Result "1/2-1/2"]
[WhiteElo "2101"]
[BlackElo "2202"]
[PlyCount "145"]
[EventDate "2021.05.04"]
[EventType "swiss (blitz)"]
[EventRounds "11"]
[EventCountry "USA"]
[SourceTitle "CBM 202 Extra"]
[Source "ChessBase"]
[SourceDate "2021.07.31"]
[SourceVersion "1"]
[SourceVersionDate "2021.07.31"]
[SourceQuality "1"]

1. e4 c5 2. Nc3 d6 3. f4 Nc6 4. Nf3 g6 5. Bc4 Bg7 6. 0-0 e6 7. d3 Nge7 8. Qe1 a6 9. f5 b5 10. Bb3 Na5 11. fxe6 fxe6 12. Ng5 Nxb3 13. axb3 Qb6 14. Qg3 Nc6 15. Nxh7 Ne5 16. Nf6+ Bxf6 17. Rxf6 Bd7 18. Bf4 0-0-0 19. Bxe5 dxe5 20. Qxe5 Rh5 21. Qg3 Rdh8 22. h3 g5 23. e5 c4+ 24. Qf2 Qb7 25. Ne4 Qc6 26. Qa7 g4 27. Nd6+ Kd8 28. Nf7+ Ke7 29. Nxh8 Rxh8 30. Qf2 gxh3 31. Rf7+ Ke8 32. Rf1 Qxg2+ 33. Qxg2 hxg2 34. R1f2 Bc6 35. Rxg2 Kxf7 36. Rf2+ Ke7 37. Rf6 Rh1+ 38. Kf2 Rh2+ 39. Ke3 Rxc2 40. bxc4 bxc4 41. Rh6 cxd3 42. Kxd3 Rxb2 43. Rh7+ Kd8 44. Ra7 Bb5+ 45. Kd4 Rd2+ 46. Ke4 Rd5 47. Kf4 Kc8 48. Re7 Bd7 49. Rh7 a5 50. Rh3 a4 51. Re3 Kc7 52. Kg5 Kb6 53. Kf6 Ka5 54. Ke7 Kb4 55. Re4+ Kc5 56. Re3 Kd4 57. Re1 Kc3 58. Rc1+ Kb2 59. Rc7 a3 60. Rb7+ Kc1 61. Ra7 Kb2 62. Rb7+ Bb5 63. Kxe6 Rc5 64. Kd6 Rc6+ 65. Kd5 Rc3 66. Rxb5+ Rb3 67. Ra5 a2 68. Rxa2+ Kxa2 69. e6 Rd3+ 70. Kc6 Kb3 71. e7 Re3 72. Kd7 Rxe7+ 73. Kxe7 1/2-1/2

[Event "Titled Tuesday intern op 04th May"]
[Site "Chess.com INT"]
[Date "2021.05.04"]
[Round "5"]
[White "Minaya Molano, Juan M"]
[Black "Alice, Mateus Felizardo Vi"]
[Result "0-1"]
[WhiteElo "2140"]
[BlackElo "2202"]
[PlyCount "82"]
[EventDate "2021.05.04"]
[EventType "swiss (blitz)"]
[EventRounds "11"]
[EventCountry "USA"]
[SourceTitle "CBM 202 Extra"]
[Source "ChessBase"]
[SourceDate "2021.07.31"]
[SourceVersion "1"]
[SourceVersionDate "2021.07.31"]
[SourceQuality "1"]

1. Nf3 Nf6 2. c4 e6 3. g3 b6 4. Bg2 Ba6 5. b3 Be7 6. 0-0 Bb7 7. Bb2 0-0 8. d3 c5 9. Nc3 d5 10. Ne5 Nc6 11. Nxc6 Bxc6 12. e4 d4 13. Ne2 Qc7 14. h3 a5 15. f4 Rfd8 16. Rf2 a4 17. e5 Ne8 18. Kh2 Bxg2 19. Rxg2 g6 20. g4 Qc6 21. Ng3 axb3 22. axb3 Rxa1 23. Qxa1 Ra8 24. Qb1 Qf3 25. Ne4 Qxf4+ 26. Kh1 Qxe5 27. Bc1 Nd6 28. Ng3 Bh4 29. Ne2 Bg5 30. Bf4 Bxf4 31. b4 Be3 32. bxc5 bxc5 33. Nc1 Bxc1 34. Qxc1 Qe3 35. Qxe3 dxe3 36. Re2 Ra3 37. Rxe3 Nxc4 38. Re2 Rxd3 39. Rc2 Rxh3+ 40. Kg2 Ne3+ 41. Kxh3 Nxc2 0-1

[Event "Titled Tuesday intern op 20th Apr"]
[Site "Chess.com INT"]
[Date "2021.04.20"]
[Round "5"]
[White "Alice, Mateus Felizardo Vi"]
[Black "Antonio, Jorge Carlos"]
[Result "0-1"]
[WhiteElo "2202"]
[BlackElo "2277"]
[PlyCount "50"]
[EventDate "2021.04.20"]
[EventType "swiss (blitz)"]
[EventRounds "11"]
[EventCountry "USA"]
[SourceTitle "CBM 202 Extra"]
[Source "ChessBase"]
[SourceDate "2021.07.31"]
[SourceVersion "1"]
[SourceVersionDate "2021.07.31"]
[SourceQuality "1"]

1. Nf3 d5 2. g3 c5 3. Bg2 Nc6 4. 0-0 e5 5. d3 Bd6 6. Nbd2 Be6 7. c4 Nf6 8. cxd5 Nxd5 9. Ne4 f6 10. Nxd6+ Qxd6 11. Bd2 0-0 12. Rc1 b6 13. a3 a5 14. Qa4 Nd4 15. Nxd4 exd4 16. Rfe1 Rad8 17. Rcd1 Qe5 18. Qc2 Qh5 19. h4 g5 20. hxg5 fxg5 21. e3 Rxf2 22. Kxf2 Qh2 23. Rg1 Rf8+ 24. Ke2 Bg4+ 25. Ke1 Qxg3# 0-1